La Residencia Universitaria de Estudiantes 'Ramón Llull' de la Excma. Diputación Provincial de Barcelona

por Residència Universitària Ramon Llull (Barcelona)

Publicado: Barcelona : Gráficas Simó , 1953
Descripción Física: 1 díptic ; 16 cm

MARC

LEADER 00000nam a2200000Ia 4500
001 20534
008 160829s1953 xx 000 0 cat d
080 |a FU-14-36 
100 |a Residència Universitària Ramon Llull (Barcelona) 
245 |a La Residencia Universitaria de Estudiantes 'Ramón Llull' de la Excma. Diputación Provincial de Barcelona 
260 |a Barcelona :  |b Gráficas Simó,  |c 1953 
300 |a 1 díptic ;  |c 16 cm 
590 |a Prové de Q-525, exp. 77.  
590 |a Invitació i programa de la festa 
610 1 0 |a Residència Universitària Ramon Llull (Barcelona, Catalunya)  |9 54739 
710 1 |a Barcelona (Catalunya : Província).  |b Diputació  |9 52408 
856 4 |u https://media.diba.cat/diba/fitxers/arxiu/fulletons/bib_20534_baixa.pdf  |y Accés lliure 
856 4 |u https://media.diba.cat/diba/fitxers/arxiu/fulletons/bib_20534_baixa.pdf  |y Accés lliure 
901 |a Arxiu 
942 |n 1  |2 udc 
952 |0 0  |1 0  |4 0  |6 FU1436  |7 1  |9 54235  |a Arxiu  |b Arxiu  |d 2016-12-01  |l 0  |o FU-14-36  |p 20534  |r 2016-12-01 00:00:00  |w 2016-12-01  |y ARXIU 
999 |c 58104  |d 58104 
900 |a bib_20534_baixa.pdf